[Event "Mitropa Cup Men"]
[Site "Szeged HUN"]
[Date "2007.05.16"]
[Round "9"]
[White "Loetscher,R"]
[Black "Petr,Ma"]
[Result "1-0"]
[WhiteElo "2386"]
[BlackElo "2443"]

1.Nf3 d5 2.g3 Nf6 3.Bg2 e6 4.O-O Be7 5.c4 O-O 6.d4 c6 7.Qc2 Nbd7 8.b3 b6
9.Rd1 Ba6 10.Nbd2 Rc8 11.e4 c5 12.exd5 exd5 13.Nf1 dxc4 14.d5 Ne8 15.bxc4 Nd6
16.Ne3 Bf6 17.Rb1 Re8 18.Bf1 g6 19.Ng4 Bg7 20.Bg5 f6 21.Bf4 Nb8 22.Bd3 Qd7
23.h3 Kh8 24.Re1 Rcd8 25.Nh4 Bc8 26.Bxg6 hxg6 27.Qxg6 Rxe1+ 28.Rxe1 Rf8 29.Re6 Nxc4
30.Bxb8 Qxd5 31.Re7 Qg5 32.Rxg7  1-0

[Event "Mitropa Cup Men"]
[Site "Szeged HUN"]
[Date "2007.05.16"]
[Round "9"]
[White "Skoberne,J"]
[Black "Borgo,G"]
[Result "1-0"]
[WhiteElo "2440"]
[BlackElo "2418"]

1.Nf3 d5 2.g3 Nc6 3.c4 d4 4.d3 e5 5.Bg2 Bb4+ 6.Nbd2 a5 7.a3 Bc5 8.b3 Nf6
9.O-O O-O 10.Ne1 Re8 11.Rb1 Bf5 12.Nc2 Qd6 13.f3 h5 14.h3 Bg6 15.Qe1 Ra6
16.Ne4 Nxe4 17.fxe4 Rb6 18.g4 Qd8 19.g5 Be7 20.h4 Qd6 21.Bh3 Ra6 22.Bd2 Rea8
23.Qg3 Nd8 24.b4 axb4 25.Nxb4 Rxa3 26.Nd5 Nc6 27.Rxb7 Bd8 28.Rfb1 Bxe4 29.Qe1 Bg6
30.Bg2 Ra2 31.c5 Qd7 32.Nb6 Qg4 33.Nxa8 Rxa8 34.Kh2 e4 35.Bh3 e3 36.Bxg4 exd2
37.Qxd2 hxg4 38.R1b2 Ne5 39.Rb8 Rxb8 40.Rxb8 Nc6 41.Qb2 Kh7 42.Rxd8 Nxd8
43.Qxd4  1-0

[Event "25th Liechtenstein Open"]
[Site "Triesen LIE"]
[Date "2007.05.18"]
[Round "8"]
[White "Moser,E"]
[Black "Mira,H"]
[Result "1-0"]
[WhiteElo "2405"]
[BlackElo "2171"]

1.g3 d5 2.Nf3 g6 3.d4 Bg7 4.c4 dxc4 5.Bg2 Nf6 6.Qa4+ c6 7.Qxc4 O-O 8.O-O Qb6
9.Nc3 Be6 10.Qa4 Na6 11.e4 Rad8 12.h3 Ne8 13.Bg5 f6 14.Be3 Qxb2 15.Rfc1 Qb4
16.Qxb4 Nxb4 17.Rab1 Nxa2 18.Nxa2 Bxa2 19.Rxb7 Nd6 20.Rxa7 Be6 21.Rxc6 Nc8
22.Rb7 Bd7 23.Rcc7 Ba4 24.Nd2 f5 25.e5 f4 26.gxf4 Bh6 27.Rb4 Bd7 28.d5 Bf5
29.Rbb7 Bd3 30.d6 e6 31.Rxh7  1-0

[Event "Capo d'Orso"]
[Site "Porto Mannu PAL"]
[Date "2007.05.19"]
[Round "1"]
[White "Cocchi,A"]
[Black "Steingrimsson,H"]
[Result "0-1"]
[WhiteElo "2321"]
[BlackElo "2482"]

1.Nf3 d5 2.g3 c6 3.Bg2 Nf6 4.b3 Bg4 5.Bb2 Nbd7 6.c4 e6 7.O-O Bd6 8.d3 O-O
9.Nc3 Qe7 10.Qc2 Rfe8 11.Rac1 a5 12.Rfe1 Rad8 13.cxd5 Nxd5 14.d4 Nb4 15.Qb1 e5
16.Ne4 Bb8 17.Nxe5 Nxe5 18.dxe5 Bxe5 19.Bxe5 Qxe5 20.Rc5 Rd5 21.Rxd5 cxd5
22.f4 Qe6 23.Ng5 Qe3+ 24.Kh1 g6 25.Rc1 Qxe2 26.h3 Bf5 27.Qa1 h6 28.g4 hxg5
29.gxf5 Nd3 30.fxg6 Nxc1 31.gxf7+ Kxf7 32.Bxd5+ Kg6 33.Qxc1 Qe1+ 34.Qxe1 Rxe1+
35.Kg2 gxf4 36.Bxb7 Kg5 37.a4 Re2+ 38.Kf3 Re3+ 39.Kg2 Rg3+ 40.Kf2 Rxh3 41.Bd5 Re3
42.Bc4 Kf6  0-1

[Event "V Regina Helena Marques Prol"]
[Site "Santos BRA"]
[Date "2007.05.21"]
[Round "4"]
[White "Limberg,E"]
[Black "Rodrigues,Ti"]
[Result "1-0"]
[WhiteElo "2255"]
[BlackElo "2140"]

1.Nf3 d5 2.g3 Nf6 3.Bg2 Bg4 4.c4 e6 5.Ne5 h5 6.Qb3 b6 7.Qb5+ Ke7 8.Nc3 c6
9.Qb4+ Ke8 10.Qa4 Bd6 11.Nxc6 Qd7 12.cxd5 e5 13.h3 Bf5 14.d3 Kf8 15.Bd2 Kg8
16.Rc1 a6 17.e4 Bg6 18.Nxb8 Bxb8 19.Qxd7 Nxd7 20.Na4 Kh7 21.Be3 b5 22.Nb6 Nxb6
23.Bxb6 Bd6 24.Rc6  1-0

[Event "16th TCh-CRO"]
[Site "Sibenik CRO"]
[Date "2007.05.21"]
[Round "5"]
[White "Zaja,I"]
[Black "Doric,D"]
[Result "1-0"]
[WhiteElo "2460"]
[BlackElo "2482"]

1.Nf3 d5 2.g3 c6 3.Bg2 Bg4 4.O-O Nd7 5.d3 Ngf6 6.Qe1 e5 7.e4 dxe4 8.dxe4 Bc5
9.a4 a5 10.Na3 O-O 11.Nc4 Re8 12.Bd2 b6 13.h3 Bxf3 14.Bxf3 Qc7 15.Qe2 Nf8
16.Bg5 N6d7 17.Bg4 h6 18.Bd2 Nf6 19.c3 Nxg4 20.Qxg4 b5 21.Ne3 Bxe3 22.Bxe3 Kh8
23.Qe2 Reb8 24.Rfd1 Ne6 25.Rd2 bxa4 26.Rxa4 Rb5 27.b4 Rd8 28.Rxd8+ Qxd8 29.bxa5 Rxa5
30.Rb4 Ra1+ 31.Kg2 Kg8 32.Rb7 c5 33.Qh5 Qf6 34.Rb8+ Kh7 35.h4 Ra3 36.Qf5+ Qxf5
37.exf5 Nc7 38.c4 Ra4 39.Rc8 Na8 40.Rxc5 Nb6 41.Rc7 Nxc4 42.Rxf7 Kg8 43.Re7 h5
44.Bg5 Ra5 45.f6 gxf6 46.Bxf6 Rb5 47.Rg7+ Kf8 48.Rh7 e4 49.Bg5 Rb2 50.Rc7 Rc2
51.Kh3 e3 52.fxe3 Nxe3 53.Rh7 Nf5 54.Rxh5 Kf7 55.Bf4 Kg6 56.Rg5+ Kf6 57.h5 Rc4
58.Rg6+ Kf7 59.Be5 Ne3 60.Rg7+ Ke6 61.Bf4 Nf5 62.Rc7 Ra4 63.h6 Ra8 64.h7 Rh8
65.Bg5 Nxg3 66.Kxg3 Kf5 67.Rg7  1-0

[Event "16th TCh-CRO"]
[Site "Sibenik CRO"]
[Date "2007.05.21"]
[Round "5"]
[White "Kozul,Z"]
[Black "Pavasovic,D"]
[Result "1-0"]
[WhiteElo "2610"]
[BlackElo "2567"]

1.Nf3 d5 2.g3 Bg4 3.Bg2 Nd7 4.O-O Ngf6 5.d3 c6 6.Qe1 e5 7.h3 Bh5 8.e4 dxe4
9.dxe4 Bc5 10.Nbd2 O-O 11.Nc4 Re8 12.a4 Qc7 13.Nh4 b5 14.Ne3 a6 15.Nef5 Bf8
16.Bg5 h6 17.Bd2 Nc5 18.b3 bxa4 19.Ba5 Qc8 20.b4 Nb7 21.Rxa4 Nxa5 22.bxa5 Nd7
23.Bf3 Bxf3 24.Nxf3 g6 25.Ne3 Nc5 26.Rc4 Qxh3 27.Qc3 Ne6 28.Rxc6 Bg7 29.Nd5 Qg4
30.Re1 Nd4 31.Nxd4 exd4 32.Qd3 Rad8 33.Nf4 h5 34.Ng2 Rc8 35.Qxa6 Rxc6 36.Qxc6 Rc8
37.Qa4 Ra8 38.e5 Qc8 39.Nf4 Qc3 40.Re2 Qxa5 41.Qxd4 Rd8 42.Qe4 Qa1+ 43.Kh2 Rd4
44.Qf3 h4 45.e6 hxg3+ 46.fxg3 fxe6 47.Nxg6 Bf6 48.Qxf6  1-0

[Event "ch-UZB"]
[Site "Tashkent UZB"]
[Date "2007.05.21"]
[Round "11"]
[White "Karimov,I"]
[Black "Egin,V"]
[Result "0-1"]
[WhiteElo "2317"]
[BlackElo "2437"]

1.Nf3 d5 2.g3 Bg4 3.Bg2 Nd7 4.d3 Ngf6 5.h3 Bh5 6.Nc3 c6 7.Bf4 d4 8.Nb1 e5
9.Bc1 Be7 10.c3 dxc3 11.Nxc3 O-O 12.O-O Re8 13.Nh4 Nc5 14.Nf5 Bf8 15.f4 exf4
16.gxf4 Nd5 17.Ng3 Qh4 18.Nxh5 Qxh5 19.Nxd5 cxd5 20.b4 Nd7 21.e3 Qg6 22.Qb3 Rad8
23.Bd2 Nf6 24.Rac1 Nh5 25.Rf3 Ng3 26.Qd1 Nf5 27.Qe2 Qb6 28.d4 Re4 29.Qd3 Rde8
30.Kh2 Qg6 31.Qb3 h6 32.Qxd5 Rxe3 33.Bxe3 Nxe3 34.Rg3 Nxd5 35.Rxg6 Nxf4 36.Rg4 Bd6
37.Kh1 f5 38.Rg3 Ne2 39.Rg6 Bb8 40.Bd5+ Kh7 41.Rcg1 Nxg1 42.Rxg1 Re2 43.Bg2 b6
44.Rd1 Bg3 45.b5 Re1+ 46.Rxe1 Bxe1 47.Bc6 Kg6 48.Kg2 Kf7 49.Bd7 g6 50.Kf3 h5
51.d5 Ke7 52.Bc6 g5 53.d6+ Kxd6 54.Be8 Kc5 55.Bd7 f4 56.Be8 Kb4 57.Bd7 Ka3
58.Be6 Kb4 59.Bd7 Kc4 60.Be8 Bd2 61.Bd7 Bb4 62.Be8 Bd6 63.Bd7 Be5 64.Ke4 Bc7
65.Kf3 Bb8 66.Bc6 Bd6 67.Bd7 Bf8 68.Be8 Bh6 69.Bc6 Kd3  0-1

[Event "Capo d'Orso"]
[Site "Porto Mannu PAL"]
[Date "2007.05.22"]
[Round "4"]
[White "Deruda,L"]
[Black "Virzi,E"]
[Result "1/2-1/2"]
[WhiteElo "1794"]
[BlackElo "1945"]

1.Nf3 d5 2.g3 Nf6 3.Bg2 Nbd7 4.d3 e5 5.O-O Bc5 6.Nc3 c6 7.e4 dxe4 8.dxe4 O-O
9.Bg5 h6 10.Bxf6 Qxf6 11.a3 Nb6 12.Qe2 Be6 13.b3 Rfd8 14.Rfd1 Rxd1+ 15.Nxd1 a5
16.Ne3 g6 17.a4 Rd8 18.Rd1 Rxd1+ 19.Qxd1  1/2-1/2

[Event "XXXVII Bosnia GMB"]
[Site "Sarajevo BIH"]
[Date "2007.05.22"]
[Round "4"]
[White "Vukic,M"]
[Black "Zugic,I"]
[Result "0-1"]
[WhiteElo "2505"]
[BlackElo "2481"]

1.Nf3 d5 2.g3 c5 3.Bg2 Nc6 4.c4 d4 5.d3 e5 6.O-O Nge7 7.e3 Ng6 8.exd4 exd4
9.a3 a5 10.Nbd2 Be7 11.Ne1 h5 12.f4 h4 13.f5 Nge5 14.Qe2 Kf8 15.Ne4 f6 16.Nf3 Nxf3+
17.Rxf3 hxg3 18.hxg3 Bd7 19.g4 Ne5 20.Rg3 Nf7 21.Bf4 Bc6 22.Rf1 Rc8 23.Rff3 Qb6
24.Rh3 Rg8 25.Rf2 Re8 26.Qf1 Bd8 27.Re2 Be7 28.Qf2 Qd8 29.Qe1 g5 30.fxg6 Rxg6
31.Nf2 Bxg2 32.Kxg2 Qd7 33.Kf1 b6 34.Re4 Bd8 35.Qe2 Rxe4 36.Qxe4 Kg7 37.Rh5 Qe7
38.Qxe7 Bxe7 39.Rd5 Bd8 40.Ke2 Kf8 41.Kf3 Ke7 42.Ne4 Ke6 43.Nd6 Nxd6 44.Rxd6+ Ke7
45.g5 Rxg5 46.Rxd8 Kxd8 47.Bxg5 fxg5 48.Kg4 b5  0-1

[Event "ch-USA"]
[Site "Stillwater USA"]
[Date "2007.05.22"]
[Round "8"]
[White "Yermolinsky,A"]
[Black "Krush,I"]
[Result "1/2-1/2"]
[WhiteElo "2511"]
[BlackElo "2464"]

1.Nf3 d5 2.g3 c6 3.Bg2 Nf6 4.O-O Bg4 5.c4 e6 6.cxd5 Bxf3 7.Bxf3 cxd5 8.Nc3 Nc6
9.d3 Be7 10.e4 d4 11.Nb1 O-O 12.Nd2 Qd7 13.a3 b5 14.e5 Nd5 15.Re1 Rfc8 16.Bg2 a5
17.Qg4 a4 18.Nf3 b4 19.Nxd4 Nxd4 20.Qxd4 b3 21.Re2 Ra7 22.h4 Rac7 23.Bg5 Bf8
24.Qg4 Kh8 25.Be4 h6 26.Be3 Rc2 27.Rae1 Qb5 28.Qf3 Nxe3 29.fxe3 Rxe2 30.Rxe2 Qxe5
31.d4 Qf6 32.Qxf6 gxf6 33.g4  1/2-1/2

[Event "Capo d'Orso"]
[Site "Porto Mannu PAL"]
[Date "2007.05.23"]
[Round "5"]
[White "Deruda,L"]
[Black "Diotallevi,M"]
[Result "0-1"]
[WhiteElo "1794"]
[BlackElo "2137"]

1.g3 d5 2.Nf3 Bg4 3.Bg2 Nd7 4.h3 Bh5 5.c4 dxc4 6.Na3 Ngf6 7.g4 Bg6 8.Nh4 c6
9.Nxc4 e6 10.Nxg6 hxg6 11.b4 Qc7 12.Qb3 Nb6 13.Ne3 Nfd5 14.Nxd5 exd5 15.d3 Be7
16.Be3 Qe5 17.Rc1 Bh4 18.Qc3 Qxe3 19.O-O Qe6 20.e4 Bf6 21.Qc2 Kf8 22.a4 Bd4
23.a5 Nd7 24.exd5 cxd5 25.Qb3 Qe5 26.Bxd5 Qg3+ 27.Bg2 Rxh3  0-1

[Event "Spring Open"]
[Site "Uzhgorod UKR"]
[Date "2007.05.25"]
[Round "3"]
[White "Prokopchuk,A"]
[Black "Kobal,V"]
[Result "1/2-1/2"]
[WhiteElo "2085"]
[BlackElo "2173"]

1.Nf3 d5 2.g3 c5 3.Bg2 Nc6 4.c4 e6 5.O-O Nf6 6.b3 Be7 7.Bb2 O-O 8.d3 d4 9.e3 e5
10.exd4 exd4 11.Na3 Bg4 12.h3 Be6 13.Nc2 Qd7 14.Kh2 Bd6 15.b4 b6 16.b5 Ne7
17.Ng5 Bf5 18.f4 Rad8 19.a4 Bc7 20.Ne1 h6 21.Ne4 Nxe4 22.dxe4 Be6 23.Qd3 f5
24.e5 Ng6 25.Nf3 Qf7 26.Rac1 Kh8 27.Rc2 Ne7 28.Bc1 a5 29.Bd2 Ng6 30.Kg1 Bc8
31.Nh2 Be6 32.Re1 Qd7 33.Bf3 Kg8 34.Bh5 Ne7 35.h4 g6 36.Bf3 Rf7 37.Kf2 Rg7
38.Bc1 Kf7  1/2-1/2

[Event "16th Chicago Open"]
[Site "Oak Brook USA"]
[Date "2007.05.26"]
[Round "2"]
[White "Filipovich,D"]
[Black "Gomez,Au"]
[Result "1-0"]
[WhiteElo "2216"]
[BlackElo "1999"]

1.Nf3 d5 2.g3 c6 3.Bg2 Bg4 4.c4 e6 5.cxd5 exd5 6.O-O Nd7 7.d3 Bd6 8.Nc3 Ngf6
9.h3 Bxf3 10.Bxf3 O-O 11.e4 dxe4 12.dxe4 Qc7 13.Qc2 h6 14.Be3 Ne5 15.Be2 Ned7
16.Kg2 Bc5 17.Bf4 Bd6 18.Nb5 cxb5 19.Qxc7 Bxc7 20.Bxc7 Nxe4 21.Bxb5 Ndf6
22.Rfd1 Rac8 23.Rac1 Ng5 24.Bd6 Rxc1 25.Rxc1 Rd8 26.Be7 Rd2 27.Rc8+ Kh7 28.Rd8 Rxd8
29.Bxd8 Ne6 30.Bxf6 gxf6 31.Bc4 Kg7 32.Bd5 b6 33.Bxe6 fxe6 34.g4 Kg6 35.Kg3 f5
36.f4 Kf6 37.Kh4 Kg6 38.b3 a6 39.a3 b5 40.b4 Kf6 41.Kh5 fxg4 42.hxg4 Kg7
43.g5 hxg5 44.fxg5 e5 45.Kh4 Kf7 46.Kg3 Kg7 47.Kf3 Kg6 48.Ke4  1-0

[Event "XXXVII Bosnia GMB"]
[Site "Sarajevo BIH"]
[Date "2007.05.26"]
[Round "7"]
[White "Vukic,M"]
[Black "Stojanovic,Da"]
[Result "1/2-1/2"]
[WhiteElo "2505"]
[BlackElo "2473"]

1.Nf3 d5 2.g3 Nf6 3.Bg2 e6 4.O-O Be7 5.c4 O-O 6.b3 c5 7.Bb2 Nc6 8.cxd5 Nxd5
9.Nc3 Bf6 10.Qc1 Nxc3 11.dxc3 Qc7 12.Rd1 b6 13.c4 Bxb2 14.Qxb2 Bb7 15.Rd2 Rad8
16.Rad1 Rxd2 17.Rxd2 Rd8 18.e3 Rxd2 19.Qxd2  1/2-1/2

[Event "XXII Felix Cup"]
[Site "Felix Spa ROM"]
[Date "2007.05.27"]
[Round "4"]
[White "Grunberg,M"]
[Black "Kozhuharov,S"]
[Result "1/2-1/2"]
[WhiteElo "2442"]
[BlackElo "2433"]

1.Nf3 d5 2.g3 c5 3.Bg2 Nc6 4.O-O e5 5.d3 f6 6.e4 d4 7.Nh4 Be6 8.f4 exf4 9.gxf4 Qd7
10.Qh5+ Qf7 11.Qe2 O-O-O 12.c4 Qc7  1/2-1/2

[Event "42nd Capablanca Mem Abierto"]
[Site "Havana CUB"]
[Date "2007.05.27"]
[Round "9"]
[White "Aguero,L"]
[Black "Barrientos,S"]
[Result "1/2-1/2"]
[WhiteElo "2263"]
[BlackElo "2428"]

1.Nf3 d5 2.g3 c6 3.Bg2 Nf6 4.O-O Bg4 5.d3 Nbd7 6.Nbd2 e5 7.h3 Bxf3 8.Bxf3 Nc5
9.e4 dxe4 10.Nxe4 Ne6 11.Be3 Nxe4 12.dxe4 Bc5 13.Bg4 Bxe3 14.Bxe6 Qxd1 15.Raxd1 Bd4
16.Bg4 h5 17.Be2 Rd8 18.c3 Bb6 19.Rxd8+ Kxd8 20.Rd1+ Ke7 21.Kg2 g6 22.Bc4 f5
23.exf5 gxf5 24.h4  1/2-1/2

[Event "Enci Limburg Open"]
[Site "Maastricht NED"]
[Date "2007.05.27"]
[Round "5"]
[White "Schebler,G"]
[Black "Korneev,O"]
[Result "1/2-1/2"]
[WhiteElo "2530"]
[BlackElo "2565"]

1.Nf3 d5 2.g3 Bg4 3.Bg2 Nd7 4.c4 e6 5.O-O c6 6.cxd5 exd5 7.Qc2 Bd6 8.d3 Ne7
9.e4 O-O 10.Nc3 Rc8 11.h3 Bh5 12.Ne2 Re8  1/2-1/2

[Event "1st WCh-Team Women"]
[Site "Ekaterinburg RUS"]
[Date "2007.05.28"]
[Round "8"]
[White "Socko,M"]
[Black "Danielian,E"]
[Result "1-0"]
[WhiteElo "2481"]
[BlackElo "2424"]

1.Nf3 d5 2.g3 Nf6 3.Bg2 c6 4.O-O Bg4 5.d3 Nbd7 6.c4 e6 7.cxd5 exd5 8.Nc3 Be7
9.h3 Bxf3 10.Bxf3 O-O 11.e4 dxe4 12.dxe4 Ne5 13.Be2 Bb4 14.Qc2 Re8 15.Be3 Qe7
16.f4 Ned7 17.e5 Bc5 18.Bf2 Nd5 19.Nxd5 cxd5 20.Rad1 Bxf2+ 21.Rxf2 Rac8 22.Qb3 Nb6
23.Bf3 Qc5 24.Bxd5 Nxd5 25.Rxd5 Qc6 26.Rfd2 h5 27.Rd7 Qg6 28.Kg2 Rc1 29.Qd5 Rec8
30.Rd6 Qf5 31.Qd3 Qxd3 32.R6xd3 R8c2 33.Kf3 h4 34.Rd8+ Kh7 35.Rxc2 Rxc2 36.f5 hxg3
37.Kxg3 Rxb2 38.Rd7 Kg8 39.Rd8+ Kh7 40.Rf8 Re2 41.Kf4 f6 42.e6 Re5 43.h4 Re1
44.h5 a5 45.Rb8 a4 46.Rxb7 Kh6 47.Rb8 Rf1+ 48.Ke4 Kg5 49.Kd5 Rd1+ 50.Kc6 Rc1+
51.Kd7 Rd1+ 52.Ke8 Kxf5 53.e7 Kg5 54.Kf8  1-0

[Event "10th IHEM"]
[Site "Hamburg GER"]
[Date "2007.05.28"]
[Round "3"]
[White "Stanke,J"]
[Black "Bach,Mat"]
[Result "1-0"]
[WhiteElo "2310"]
[BlackElo "2364"]

1.Nf3 d5 2.g3 c5 3.Bg2 Nc6 4.d3 f5 5.d4 e6 6.c4 dxc4 7.Qa4 cxd4 8.O-O Bc5
9.Ne5 Ne7 10.Nxc6 bxc6 11.Qxc4 Bb6 12.b4 Kf7 13.Nd2 h6 14.Nf3 Qd5 15.Ng5+ hxg5
16.Bxd5 cxd5 17.Qd3 g4 18.a4 e5 19.a5 Bc7 20.e3 Rh3 21.exd4 Be6 22.f3 Rah8
23.Ra2 e4 24.Qc2 Rxh2 25.Qxh2 Rxh2 26.Kxh2 gxf3 27.Rc2 Bd8 28.Bf4 a6 29.Kg1 Bd7
30.Rfc1 Ng6 31.Be3 f4 32.gxf4 Nh4 33.Kf2 Nf5 34.Rh1 Bf6 35.Rc5 Ke6 36.Rh5 g6
37.Rh7 Ne7 38.b5 axb5 39.a6 Nc6 40.Rxc6+ Bxc6 41.Rb7 Bh4+ 42.Kf1 Bg3 43.Rb6 Kd7
44.a7 Ba8 45.Rb8 Bc6 46.a8=Q Bxa8 47.Rxa8 Ke6 48.Rb8 Kf5 49.Rxb5 Bxf4 50.Kf2 Kg4
51.Rxd5 g5 52.Rd8 Bg3+ 53.Kf1 Bf4 54.Bxf4 Kxf4 55.Rf8+ Ke3 56.d5 Kd2 57.Ra8 e3
58.Ra2+ Kd1 59.Ra1+  1-0

[Event "Enci Limburg Open"]
[Site "Maastricht NED"]
[Date "2007.05.28"]
[Round "6"]
[White "Laarhoven,T"]
[Black "Konings,F"]
[Result "1/2-1/2"]
[WhiteElo "2107"]
[BlackElo "2246"]

1.Nf3 d5 2.g3 c6 3.Bg2 Nf6 4.O-O Bf5 5.d4 h6 6.c4 e6 7.cxd5 exd5 8.Qb3 Qb6
9.Nbd2 Bd6 10.e3 Nbd7 11.a3 O-O 12.Qc3 Ne4 13.Nxe4 Bxe4 14.b3 Qd8 15.Bb2 Re8
16.Rfe1 Qf6 17.Nd2 Bxg2 18.Kxg2 h5 19.e4 dxe4 20.Nxe4 Qg6 21.Nc5 Bxc5 22.dxc5 Nf6
23.b4 h4 24.Qd4 Ne4 25.Rad1 Re6 26.Re3 h3+ 27.Kf1 Rae8 28.Rde1 f6 29.Bc3 Qf5
30.f3 Ng5 31.Kf2 Kf7 32.Qd3 Qxd3 33.Rxd3 Rxe1 34.Bxe1 Ne6 35.Bd2 Nc7 36.g4 Nd5
37.Kg3 g5 38.Kxh3 Re2 39.Kg3 Ne7 40.f4 gxf4+ 41.Bxf4 Nd5 42.Kf3 Rc2 43.h4 a5
44.Bd2 axb4 45.axb4 Rc4 46.h5 Ke6 47.Be1 Rf4+ 48.Kg3 f5 49.gxf5+ Rxf5 50.h6 Ke5
51.Rf3 Rh5 52.Bd2 Ke6 53.Kg2 Nf6 54.Rh3 Rd5 55.Bc3 Nh7 56.Rg3 Rg5 57.Rxg5 Nxg5
58.Bd2 Nh7 59.Kf3 Kf5 60.Ke3 Nf6 61.Kd4 Nh7 62.Kc4 Ke5 63.Kb3 Nf8 64.Ka4 Kf6  1/2-1/2

[Event "ch-St Petersburg"]
[Site "St Petersburg RUS"]
[Date "2007.05.30"]
[Round "2"]
[White "Loginov,Va"]
[Black "Makarov,M"]
[Result "1/2-1/2"]
[WhiteElo "2496"]
[BlackElo "2515"]

1.Nf3 d5 2.g3 Bg4 3.Bg2 c6 4.c4 e6 5.O-O Nd7 6.cxd5 exd5 7.d3 Ngf6 8.Qc2 Bc5
9.e4 O-O 10.Nbd2 dxe4 11.dxe4 Qe7  1/2-1/2

[Event "TCh-FRA Top 16"]
[Site "Clichy FRA"]
[Date "2007.05.31"]
[Round "8"]
[White "Movsesian,S"]
[Black "Komarov,D"]
[Result "1-0"]
[WhiteElo "2642"]
[BlackElo "2539"]

1.Nf3 d5 2.g3 Bg4 3.Bg2 Nd7 4.O-O c6 5.d3 e5 6.h3 Bh5 7.e4 dxe4 8.dxe4 Bc5
9.Nbd2 Ne7 10.Nc4 Qc7 11.Qe1 f6 12.b4 Bb6 13.a4 Bf7 14.Qc3 a5 15.Rd1 axb4
16.Qxb4 Bc5 17.Rxd7 Bxb4 18.Rxc7 Bxc4 19.Rxb7 c5 20.Bf1 Bxf1 21.Kxf1 Kf7
22.Be3 Rhb8 23.Rxb8 Rxb8 24.Rb1 Ra8 25.c3 Bxc3 26.Bxc5 Nc6 27.Rb7+ Ke6 28.Rc7 Ra6
29.Nh4 Bd4 30.Bf8 g6 31.g4 f5 32.Nxf5 gxf5 33.gxf5+ Kf6 34.h4  1-0

[Event "29th Mem Nezhmetdinov"]
[Site "Kazan RUS"]
[Date "2007.06.01"]
[Round "1"]
[White "Pavlov,Vi2"]
[Black "Akhmadeev,Vad"]
[Result "0-1"]
[WhiteElo "2098"]
[BlackElo "2430"]

1.Nf3 d5 2.g3 Nf6 3.Bg2 c6 4.O-O Bf5 5.d3 e6 6.Nbd2 h6 7.Re1 Bc5 8.e3 Nbd7
9.e4 Bh7 10.e5 Ng8 11.d4 Bb6 12.c3 c5 13.Nb3 Ne7 14.Bf4 O-O 15.h4 Nc6 16.Qd2 Qe7
17.Bh3 cxd4 18.Nbxd4 Nc5 19.Bf1 Ne4 20.Qe3 f6 21.Bd3 fxe5 22.Nxe5 Nxe5 23.Bxe4 Bxe4
24.Bxe5 Qf7 25.f4 Qg6 26.Kh2 Rac8 27.Rad1 Bc5 28.Qe2 a6 29.Nb3 Bb6 30.Nd4 Ba7
31.Nf3 Bc5 32.Bd4 Bd6 33.Ne5 Bxe5 34.Bxe5 h5 35.Rd4 Bf5 36.Qf3 Rc6 37.Qe2 Rfc8
38.Rd2 Rc4 39.Rd4 b5 40.Rxc4 Rxc4 41.Bd4 Kh7 42.b4 Be4 43.a3 Rc7 44.Be5 Rb7
45.Bd4 Bf5 46.Be5 Bg4 47.Qd2 Kg8 48.Bd4 Rc7 49.Be5 Rc4 50.Bd4 Kh7 51.Re3 Bf5
52.Re1 Qg4 53.Qg2 Kg8 54.Qf1 Rc8 55.Qg2 Ra8 56.Re5 Kh7 57.Re3 Kh8 58.Qe2 Qg6
59.Bb6 Be4 60.Bd4 Kh7 61.Qf1 Qg4 62.Qe2 Qxe2+ 63.Rxe2 a5 64.Bc5 axb4 65.Bxb4 Kg6
66.Kg1 Kf5 67.Kf2 Rc8 68.Rd2 Rc7 69.Rd4 e5 70.fxe5 Kxe5 71.Ke2 Rf7 72.Ba5 Kd6
73.a4 Kc6 74.axb5+ Kxb5 75.Bb4 Rf3 76.Bd6 Rxc3 77.Rb4+ Kc6 78.Be5 Rc2+ 79.Ke3 g6
80.Rb8 Ra2 81.Rc8+ Kd7 82.Rb8 Ke6 83.Bf4 Ra3+ 84.Ke2 Kf5 85.Bd6 Ra6 86.Bf4 Kg4
87.Rb3 Ra2+ 88.Ke3 Ra4 89.Be5 Bc2 90.Rc3 Re4+ 91.Kd2 Rxe5 92.Kxc2 Re2+ 93.Kd3 Rg2
94.Kd4 Rxg3 95.Rc6 Kxh4 96.Kxd5 g5  0-1

[Event "ch-Skopje"]
[Site "Skopje MKD"]
[Date "2007.06.01"]
[Round "3"]
[White "Pancevski,F"]
[Black "Atanasov,S"]
[Result "1-0"]
[WhiteElo "2303"]
[BlackElo "1992"]

1.Nf3 d5 2.g3 Nc6 3.Bg2 e5 4.d3 f5 5.O-O Nf6 6.c4 dxc4 7.Qa4 Bd6 8.Qxc4 Qe7
9.a3 h6 10.Qb3 Na5 11.Qa4+ Nc6 12.Nbd2 Bd7 13.Qc2 g5 14.b4 g4 15.Nh4 Rg8
16.Bb2 Qe6 17.Qc4 Be7 18.b5 Qxc4 19.Nxc4 Nd4 20.Bxd4 exd4 21.Bxb7 Rb8 22.Bc6 Rg5
23.f4 gxf3 24.Nxf3 Rh5 25.Nh4 Bxc6 26.bxc6 Rb5 27.a4 Rc5 28.Rab1 a6 29.Rb8+ Kf7
30.Rb7 Ne8 31.Nf3 Bf6 32.Ra7 Ke6 33.Rxa6 Nd6 34.Nfd2 Kd5 35.Nb3 Rxc6 36.e4+ fxe4
37.Rxc6 Kxc6 38.Rxf6 exd3 39.Nxd6 cxd6 40.Nxd4+ Kc5 41.Nb3+ Kb4 42.Rxd6 Kc3
43.Nd4 Ra5 44.Nf3 h5 45.Rc6+ Kb2 46.Kf2 Rxa4 47.Ke3 Ra3 48.Kd2 Kb1 49.Rb6+ Ka1
50.Nd4 Ra2+ 51.Kxd3 Rxh2 52.Nc2+ Ka2 53.Kc3  1-0

[Event "7th ch-Euro Senior"]
[Site "Hockenheim GER"]
[Date "2007.06.02"]
[Round "1"]
[White "Zhelesny,S"]
[Black "Bofinger,J"]
[Result "1/2-1/2"]
[WhiteElo "2222"]
[BlackElo "1948"]

1.Nf3 d5 2.g3 Nd7 3.d4 Ngf6 4.Bg2 e6 5.O-O Be7 6.c4 dxc4 7.Nbd2 O-O 8.Nxc4 Rb8
9.Qc2 b6 10.Nce5 Bb7 11.Nc6 Bxc6 12.Qxc6 Rc8 13.Bd2 Nb8 14.Qa4 a6 15.Rfd1 b5
16.Qb3 c6 17.Ne5 Qc7 18.Rac1 Qa7 19.e3 Nd5 20.Ba5 Nb6 21.Ng4 Rc7 22.Ne5 c5
23.dxc5 Rxc5 24.Rxc5 Bxc5 25.Bb4 Bxb4 26.Qxb4 Qc7 27.Qd4 h6 28.Bf3 Re8 29.Bh5 Rf8
30.Qd6 Qxd6 31.Rxd6 Nd5 32.Bf3 Nc7 33.Nd7 Nxd7 34.Rxd7 Nd5 35.Ra7 Nb4 36.a3 Nd3
37.b4 Rc8 38.Ra8 Rxa8 39.Bxa8  1/2-1/2

[Event "TCh-BIH"]
[Site "Vogosca BIH"]
[Date "2007.06.02"]
[Round "1"]
[White "Nikolic,Pr"]
[Black "Doric,D"]
[Result "1-0"]
[WhiteElo "2631"]
[BlackElo "2482"]

1.Nf3 d5 2.g3 c6 3.Bg2 Bg4 4.O-O Nd7 5.d3 Ngf6 6.c4 e6 7.cxd5 exd5 8.Nc3 Bxf3
9.Bxf3 d4 10.Nb1 Bc5 11.Nd2 O-O 12.Rb1 a5 13.a3 Qe7 14.Nc4 Rfe8 15.Bd2 Ne5
16.Nxa5 Nxf3+ 17.exf3 Qd7 18.Re1 Rxe1+ 19.Bxe1 Bb6 20.Nc4 Bc7 21.Qb3 b5 22.Nd2 c5
23.Ne4 Qc6 24.Rc1 Nxe4 25.fxe4 Bb6 26.Qc2 h6 27.Bb4 Rc8 28.b3 Qa8 29.a4 bxa4
30.bxa4 Rc7 31.Bd2 Ra7 32.Rb1 Ba5 33.Bxa5 Rxa5 34.Rb5 Rxa4 35.Qxc5 Qe8 36.Kg2 Ra3
37.Qc4 Kh7 38.Rb7 Qe6 39.Qxd4 f6 40.h4 Qg4 41.Qd7 Qg6 42.Rb5 h5 43.Qd5  1-0

[Event "TCh-FRA Top 16"]
[Site "Clichy FRA"]
[Date "2007.06.03"]
[Round "11"]
[White "Brunelliere,P"]
[Black "Amigues,E"]
[Result "1/2-1/2"]
[WhiteElo "2369"]
[BlackElo "2388"]

1.g3 d5 2.Nf3 Bg4 3.Bg2 Nd7 4.c4 e6 5.b3 Ngf6 6.Bb2 Bd6 7.O-O O-O 8.Na3 c6
9.d3 Qe7 10.Nc2 a5 11.Ne3 Ba3 12.Qc1 Bxb2 13.Qxb2 Bxf3 14.Bxf3 Rfd8 15.a3 Ra7
16.Rfc1 Qd6 17.Bg2 d4 18.Nf1 Nc5 19.Nd2 e5 20.Qc2 Rda8 21.Ra2 h5 22.Rca1 Ne6
23.h4 Qe7 24.Qc1 Nc5 25.Qc2 Ne6 26.Rb1 Nc5 27.Rba1 Ne6 28.Rc1 Nc5 29.Rca1  1/2-1/2

[Event "TCh-FRA Top 16"]
[Site "Clichy FRA"]
[Date "2007.06.03"]
[Round "11"]
[White "Roos,Louis1"]
[Black "Le Roy,B"]
[Result "1-0"]
[WhiteElo "2345"]
[BlackElo "2296"]

1.Nf3 d5 2.g3 Nd7 3.d4 Ngf6 4.Bg2 c5 5.O-O e6 6.c4 cxd4 7.cxd5 Nxd5 8.Qxd4 Qb6
9.e4 Nb4 10.Qd1 Be7 11.Nc3 O-O 12.Be3 Qa6 13.a3 Nd3 14.Qc2 N3e5 15.Rfd1 Ng4
16.Bd4 Bf6 17.h3 Bxd4 18.Rxd4 Nge5 19.Rad1 Nxf3+ 20.Bxf3 Ne5 21.Bg2 Qa5 22.b4 Qc7
23.f4 Nc6 24.Rd6 a5 25.b5 Nb4 26.Qd2 Nd5 27.Nxd5 exd5 28.Qxd5 Be6 29.Qd4 Bb3
30.Rd2 Qc1+ 31.Kh2 Qxa3 32.e5 Rab8 33.b6 Ba4 34.f5 Qb4 35.Qe3 Rfe8 36.f6 Bc2
37.e6 gxf6 38.exf7+ Kxf7 39.Qh6 Re6 40.Rd7+ Ke8 41.Qg7 Bb3  1-0

[Event "10th IHEM"]
[Site "Hamburg GER"]
[Date "2007.06.03"]
[Round "9"]
[White "Wendt,J"]
[Black "Lindinger,M"]
[Result "1-0"]
[WhiteElo "2342"]
[BlackElo "2307"]

1.Nf3 d5 2.g3 Nc6 3.c4 d4 4.Bg2 e5 5.d3 Bb4+ 6.Bd2 a5 7.Na3 Nf6 8.Nc2 Be7
9.O-O Nd7 10.a3 Nc5 11.b4 Nb3 12.b5 Nb8 13.Rb1 Nxd2 14.Qxd2 Nd7 15.e3 dxe3
16.Qxe3 O-O 17.Nxe5 Nxe5 18.Qxe5 Bd6 19.Qc3 Qg5 20.Rbe1 a4 21.d4  1-0

[Event "7th ch-Euro Senior"]
[Site "Hockenheim GER"]
[Date "2007.06.03"]
[Round "2"]
[White "Bakhmatov,E"]
[Black "Minz,M"]
[Result "1-0"]
[WhiteElo "2351"]
[BlackElo "2159"]

1.Nf3 d5 2.g3 Nf6 3.Bg2 g6 4.O-O Bg7 5.d3 O-O 6.Nbd2 c5 7.e4 Bg4 8.h3 Bxf3
9.Qxf3 Nc6 10.exd5 Nd4 11.Qd1 Nxd5 12.c3 Nc6 13.Qb3 Nb6 14.Ne4 c4 15.dxc4 Na5
16.Qc2 Naxc4 17.Nc5 Qc7 18.Nxb7 Rab8 19.b3 Nd6 20.Nxd6 Qxc3 21.Qxc3 Bxc3
22.Ba3 Bxa1 23.Rxa1 exd6 24.Bxd6 Rbc8 25.Bxf8 Kxf8 26.a4 a5 27.Rb1 Rb8 28.Rc1 Rc8
29.Rxc8+ Nxc8 30.Bb7 Nb6 31.b4 Nc4 32.bxa5 Nxa5 33.Bd5 f6 34.Kg2 Ke7 35.Kf3 Kd6
36.Bg8 h6 37.Bf7 g5 38.Kg4 Nb7 39.Kh5 Nc5 40.a5 Ne4 41.a6 Kc7 42.Bd5  1-0